00537nam a22001817a 4500003000500000005001700005008004100022010001000063011001100073035001100084040000900095100002900104245004700133260006800180300001700248650003000265710006000295CHAP20220329143614.0100902s2009 mx a r 00010 spa d a99172 a100144 a110830 cCHAP1 aOchoa Castillo, Patricia10aPreclásicoc/por Patricia Ochoa Castillo aMéxico, D.F. :bINAH. Museo Nacional de Antropología,c2009 a28 p. :bil.14aCivilizaciónxHistoria.0 aConsejo Nacional para la Cultura y las Artes. México.